Spinoza y la melancolía

Bewaard in:
Bibliografische gegevens
Hoofdauteur: Víctor Aguilar, Francisco
Formaat: Boek
Taal:Undetermined
Gepubliceerd in: San José, Costa Rica Universidad de Costa Rica, Facultad de Letras, Escuela de Filosofía 2016
Onderwerpen:
Tags: Voeg label toe
Geen labels, Wees de eerste die dit record labelt!

MARC

LEADER 00000nam a2200000Ia 4500
008 170316s9999 xx 000 0 und d
090 |a TESIS 909 
100 |a Víctor Aguilar, Francisco 
245 |a Spinoza y la melancolía 
260 |a San José, Costa Rica 
260 |b Universidad de Costa Rica, Facultad de Letras, Escuela de Filosofía 
260 |c 2016 
300 |a 65 páginas 
650 |a TRABAJO FINAL DE GRADUACIÓN 
650 |a LICENCIATURA EN FILOSOFÍA 
650 |a BARUCH SPINOZA 
650 |a LA TEORÍA SPINOZIANA 
650 |a LA MELANCOLÍA 
650 |a TESIS 
999 |c 30368  |d 30368 
040 |a cru BVZT 
942 |c 15 D  |h TESIS 909  |2 z